000 00234nam a2200097Ia 4500
008 220204s9999 xx 000 0 und d
100 _aJefkins, Frank
245 0 _aAdvertising made simple
260 _aLondon
_bAllen
_c1973
942 _cBK
999 _c24706
_d24706